00318nam a2200133Ia 4500003000400000005001700004008004100021040000900062082001500071100001400086245004000100260003500140300000900175OSt20200619135608.0190216s9999||||xx |||||||||||||| ||und|| coclc a954bPUR/S aPuri, B N 0aStudy Of Indian History /cB N Puri bBharatiya Vidya Bhavan,c1976. a285p